000 01863nam a2200289Ia 4500
999 _c56195
_d56195
001 23296
003 GE_BSU
005 20230728135045.0
008 181216s2016||||ge |||||||||||||| ||geo||
040 _cGE_BSU
041 _ageo
080 _a8171.353.1'33.232+94(479.22)+39(479.22) ი-40
100 _aითონიშვილი, ვახტანგ
_919557
245 _aდვალები და დვალეთი. წ. 1 /
_cვახტანგ ითონიშვილი ; რედაქტორი ვალერიან ითონიშვილი ; კარტოგრაფი ალექსანდრე ნაზღაიძე.
264 _aთბილისი :
_bსაქ. მეცნ. ეროვნული აკადემიის სტამბა,
_c2016.
300 _a248 გვ. ;
_c26 სმ.
541 _h10 ლ.
653 _aდვალები და დვალეთი. წ. 1
653 _aქართული გვარების ისტორია
653 _aქართული გვარ-სახელები
653 _aქართული სოფლების ისტორია
653 _aსაქართველოს ეთნოგრაფია
700 _aითონიშვილი, ვალერიან
_eრედაქტორი
_94614
700 _aნაზღაიძე, ალექსანდრე
_eკარტოგრაფი
_919558
710 _aსაქართველოს მეცნებათა ეროვნული აკადემია
_bისტორიის, ეთნოლოგიის, რელიგიის შესწავლისა და პროპაგანდის სამეცნიერო ცენტრი
_919559
942 _cBK
_2udc